Теория и практика оценочной деятельности: учебное пособие

Chi tiết về thư mục
Tác giả chính: Кащук И. В. Ирина Вадимовна
Tác giả của công ty: Национальный исследовательский Томский политехнический университет (ТПУ)
Tóm tắt:Заглавие с титульного экрана
Пособие освещает вопросы история развития, государственного регулирования и методологии оценки. Рассматриваются особенности оценки различных объектов собственности. Приводятся контрольные вопросы и задания для самопроверки студентов, список литературы. Предназначено для студентов, обучающихся по специальности 080503 "Антикризисное управление".
Режим доступа: из корпоративной сети ТПУ
Ngôn ngữ:Tiếng Nga
Được phát hành: Томск, Изд-во ТПУ, 2011
Những chủ đề:
Truy cập trực tuyến:http://www.lib.tpu.ru/fulltext2/m/2011/m400.pdf
Định dạng: MixedMaterials Điện tử Sách
KOHA link:https://koha.lib.tpu.ru/cgi-bin/koha/opac-detail.pl?biblionumber=203888

MARC

LEADER 00000nlm0a2200000 4500
001 203888
005 20240116143024.0
035 |a (RuTPU)RU\TPU\book\222211 
090 |a 203888 
100 |a 20111114d2011 m y0rusy50 ca 
101 0 |a rus 
102 |a RU 
105 |a a j 001zy 
135 |a drgn ---uucaa 
181 0 |a i  
182 0 |a b 
200 1 |a Теория и практика оценочной деятельности  |e учебное пособие  |f И. В. Кащук  |g Национальный исследовательский Томский политехнический университет (ТПУ) 
203 |a Текст  |c электронный 
210 |a Томск  |c Изд-во ТПУ  |d 2011 
300 |a Заглавие с титульного экрана 
330 |a Пособие освещает вопросы история развития, государственного регулирования и методологии оценки. Рассматриваются особенности оценки различных объектов собственности. Приводятся контрольные вопросы и задания для самопроверки студентов, список литературы. Предназначено для студентов, обучающихся по специальности 080503 "Антикризисное управление". 
333 |a Режим доступа: из корпоративной сети ТПУ 
337 |a Adobe Reader 
606 1 |a Оценка  |x Бухгалтерский учет  |2 stltpush  |3 (RuTPU)RU\TPU\subj\71138  |9 85174 
610 1 |a электронный ресурс 
610 1 |a труды учёных ТПУ 
610 1 |a учебные пособия 
610 1 |a оценочная деятельность 
610 1 |a теория 
610 1 |a практика 
610 1 |a развитие 
610 1 |a государственное регулирование 
610 1 |a антикризисное управление 
610 1 |a Россия 
610 1 |a оценка 
610 1 |a процессы 
610 1 |a денежные потоки 
610 1 |a недвижимое имущество 
610 1 |a нематериальные активы 
610 1 |a машины 
610 1 |a оборудование 
610 1 |a история 
675 |a 657.9(075.8)  |v 3 
700 1 |a Кащук  |b И. В.  |c экономист  |c доцент Томского политехнического университета, кандидат технических наук  |f 1958-  |g Ирина Вадимовна  |3 (RuTPU)RU\TPU\pers\25428  |9 11370 
712 0 2 |a Национальный исследовательский Томский политехнический университет (ТПУ)  |c (2009- )  |3 (RuTPU)RU\TPU\col\15902 
801 1 |a RU  |b 63413507  |c 20111114 
801 2 |a RU  |b 63413507  |c 20160126  |g RCR 
856 4 |u http://www.lib.tpu.ru/fulltext2/m/2011/m400.pdf 
942 |c CF